<?xml version="1.0" encoding="UTF-8"?><?xml-stylesheet type="text/xsl" href="static/style.xsl"?><OAI-PMH xmlns="http://www.openarchives.org/OAI/2.0/" xmlns:xsi="http://www.w3.org/2001/XMLSchema-instance" xsi:schemaLocation="http://www.openarchives.org/OAI/2.0/ http://www.openarchives.org/OAI/2.0/OAI-PMH.xsd"><responseDate>2026-04-17T17:10:36Z</responseDate><request verb="GetRecord" identifier="oai:www.recercat.cat:2072/467993" metadataPrefix="marc">https://recercat.cat/oai/request</request><GetRecord><record><header><identifier>oai:recercat.cat:2072/467993</identifier><datestamp>2025-07-29T21:39:27Z</datestamp><setSpec>com_2072_98</setSpec><setSpec>col_2072_378192</setSpec></header><metadata><record xmlns="http://www.loc.gov/MARC21/slim" xmlns:dcterms="http://purl.org/dc/terms/" xmlns:xsi="http://www.w3.org/2001/XMLSchema-instance" xmlns:doc="http://www.lyncode.com/xoai" xsi:schemaLocation="http://www.loc.gov/MARC21/slim http://www.loc.gov/standards/marcxml/schema/MARC21slim.xsd">
   <leader>00925njm 22002777a 4500</leader>
   <datafield ind2=" " ind1=" " tag="042">
      <subfield code="a">dc</subfield>
   </datafield>
   <datafield ind2=" " ind1=" " tag="720">
      <subfield code="a">Ferrandis Martínez, Adrián</subfield>
      <subfield code="e">author</subfield>
   </datafield>
   <datafield ind2=" " ind1=" " tag="720">
      <subfield code="a">Torres Puche, Álvaro</subfield>
      <subfield code="e">author</subfield>
   </datafield>
   <datafield ind2=" " ind1=" " tag="720">
      <subfield code="a">García-Cardona, Cristina</subfield>
      <subfield code="e">author</subfield>
   </datafield>
   <datafield ind2=" " ind1=" " tag="720">
      <subfield code="a">Sánchez Cabrera, José Vicente</subfield>
      <subfield code="e">author</subfield>
   </datafield>
   <datafield ind2=" " ind1=" " tag="260">
      <subfield code="c">2023</subfield>
   </datafield>
   <datafield ind2=" " ind1=" " tag="520">
      <subfield code="a">La dècada dels anys seixanta va suposar per a la costa mediterrània un desenvolupament turístic sense precedents que va comportar un nou model que s'estava imposant de manera indiscutible: el turisme de masses de sol i platja. En aquest article s'analitza el comportament d'aquest model turístic durant els períodes de crisi espanyola (primer econòmica, 2008, i després sanitària, 2020) a les destinacions valencianes de Gandia i Cullera. A través d'una metodologia basada en la revisió de models de referència i l'anàlisi d'informació especialment quantitativa, es presenta un model d'anàlisi de l'evolució de la destinació amb la finalitat d'identificar la situació en què es troba. Els resultats obtinguts mostren la seva funcionalitat i capacitat per ajudar a entendre l'evolució d'aquesta tipologia de destinacions. Finalment, s'arriba a la conclusió de la necessitat d'adaptar aquests models a la realitat precisa de cada territori.</subfield>
   </datafield>
   <datafield ind2=" " ind1=" " tag="520">
      <subfield code="a">The 1960s brought unprecedented tourist development of the Mediterranean coast that gave rise to the indisputable imposition the new model for tourism: mass sun, sea and sand tourism. This article analyzes the behavior of this tourism model during the two recent periods of crisis in Spain (the first economic, 2008, and then health-related, 2020) in the Valencian tourist resorts of Gandia and Cullera. Using a methodology based on a review of benchmark models and the analysis of mainly quantitative information, a model for analysing the evolution of tourist destinations is developed in order to identify their current stage of development. The results obtained support the model's functionality and its capacity to help understand the evolution of this type of destination. Finally, it is concluded that these models need to be adapted to the specific reality of each location.</subfield>
   </datafield>
   <datafield ind2=" " ind1=" " tag="520">
      <subfield code="a">La década de los años sesenta supuso para la costa mediterránea un desarrollo turístico sin precedentes que dio lugar al nuevo modelo que se estaba imponiendo de manera indiscutible: el turismo de masas de sol y playa. En este artículo se analiza el comportamiento de este modelo turístico durante los periodos de crisis española (primero económica, 2008, y después sanitaria, 2020) en los destinos turísticos valencianos de Gandía y Cullera. A través de una metodología basada en la revisión de modelos de referencia y análisis de información, especialmente cuantitativa, se presenta un modelo de análisis de la evolución del destino con la finalidad de identificar la situación en la que se encuentra. Los resultados obtenidos muestran su funcionalidad y su capacidad para ayudar a entender la evolución de esta tipología de destinos. Finalmente, se llega a la conclusión de la necesidad de adaptación de estos modelos a la realidad precisa de cada territorio.</subfield>
   </datafield>
   <datafield tag="653" ind2=" " ind1=" ">
      <subfield code="a">Evolució de les destinacions turístiques</subfield>
   </datafield>
   <datafield tag="653" ind2=" " ind1=" ">
      <subfield code="a">Model d'anàlisi turístic</subfield>
   </datafield>
   <datafield tag="653" ind2=" " ind1=" ">
      <subfield code="a">Turisme de masses</subfield>
   </datafield>
   <datafield tag="653" ind2=" " ind1=" ">
      <subfield code="a">Turisme de sol i platja</subfield>
   </datafield>
   <datafield tag="653" ind2=" " ind1=" ">
      <subfield code="a">Crisi turística</subfield>
   </datafield>
   <datafield tag="653" ind2=" " ind1=" ">
      <subfield code="a">Evolution of tourist destinations</subfield>
   </datafield>
   <datafield tag="653" ind2=" " ind1=" ">
      <subfield code="a">Tourism analysis model</subfield>
   </datafield>
   <datafield tag="653" ind2=" " ind1=" ">
      <subfield code="a">Mass tourism</subfield>
   </datafield>
   <datafield tag="653" ind2=" " ind1=" ">
      <subfield code="a">Sun, sea and sand tourism</subfield>
   </datafield>
   <datafield tag="653" ind2=" " ind1=" ">
      <subfield code="a">Tourism crisis</subfield>
   </datafield>
   <datafield tag="653" ind2=" " ind1=" ">
      <subfield code="a">Evolución de los destinos turísticos</subfield>
   </datafield>
   <datafield tag="653" ind2=" " ind1=" ">
      <subfield code="a">Modelo de análisis turístico</subfield>
   </datafield>
   <datafield tag="653" ind2=" " ind1=" ">
      <subfield code="a">Turismo de masas</subfield>
   </datafield>
   <datafield tag="653" ind2=" " ind1=" ">
      <subfield code="a">Turismo de sol y playa</subfield>
   </datafield>
   <datafield tag="653" ind2=" " ind1=" ">
      <subfield code="a">Crisis turística</subfield>
   </datafield>
   <datafield ind2="0" ind1="0" tag="245">
      <subfield code="a">L'evolució de les destinacions madures de sol i platja mediterrànies : un model per analitzar períodes de declivi aplicat als casos de Gandia i Cullera</subfield>
   </datafield>
</record></metadata></record></GetRecord></OAI-PMH>